[Event "Pan American-ch School U15 Girls 12th"]
[Site "Callao"]
[Date "2023.10.21"]
[Round "9"]
[White "Pichilingue Orbe, Camila Belen"]
[Black "Gareca Ordonez, Laura"]
[Result "0-1"]
[WhiteElo "1174"]
[BlackElo "1480"]
[PlyCount "84"]
[EventDate "2023.10.16"]
[EventType "swiss"]
[EventRounds "9"]
[EventCountry "PER"]
[SourceTitle "Mega2024 Update 01"]
[Source "Chessbase"]
[SourceDate "2023.11.12"]
[SourceVersion "1"]
[SourceVersionDate "2023.11.12"]
[SourceQuality "1"]

1. d4 d5 2. c4 e6 3. Nc3 Nf6 4. cxd5 exd5 5. Bg5 Be7 6. e3 c6 7. Bd3 Be6 8. Nge2 Nbd7 9. 0-0 h6 10. Bh4 0-0 11. f3 c5 12. Rc1 Rc8 13. Nf4 cxd4 14. Nxe6 fxe6 15. exd4 Qb6 16. Ne2 Rxc1 17. Qxc1 Ne5 18. Bb1 Nc4 19. b3 Ba3 20. Qc3 Bb4 21. Qd3 Nd2 22. Rd1 Nxb1 23. Qxb1 Ne8 24. Bf2 Nd6 25. Nc1 Nb5 26. Rd3 Rc8 27. Ne2 Na3 28. Qd1 Rc2 29. Nc1 e5 30. Kf1 exd4 31. Bxd4 Qg6 32. Ne2 Rxa2 33. Bc3 Nc2 34. Bxb4 Ra1 35. Nc1 Rxc1 36. Qxc1 Qxd3+ 37. Kf2 Nxb4 38. Qc8+ Kh7 39. g4 Qc2+ 40. Qxc2+ Nxc2 41. Ke2 Nd4+ 42. Kd3 Nxb3 0-1

[Event "Pan American-ch School U15 Girls 12th"]
[Site "Callao"]
[Date "2023.10.17"]
[Round "3"]
[White "Pichilingue Orbe, Camila Belen"]
[Black "Nole Alvarez, Nicoletta Anette"]
[Result "0-1"]
[WhiteElo "1174"]
[BlackElo "1018"]
[PlyCount "110"]
[EventDate "2023.10.16"]
[EventType "swiss"]
[EventRounds "9"]
[EventCountry "PER"]
[SourceTitle "Mega2024 Update 01"]
[Source "Chessbase"]
[SourceDate "2023.11.12"]
[SourceVersion "1"]
[SourceVersionDate "2023.11.12"]
[SourceQuality "1"]

1. d4 d5 2. c4 c6 3. Nc3 Nf6 4. Nf3 dxc4 5. a4 Bf5 6. e3 e6 7. Bxc4 Bb4 8. 0-0 0-0 9. Qe2 Nbd7 10. Rd1 Ne4 11. Nxe4 Bxe4 12. Nd2 Bd5 13. Bd3 c5 14. e4 Bc6 15. Nf3 cxd4 16. Nxd4 Qc7 17. Nxc6 bxc6 18. Bd2 Bd6 19. g3 Rab8 20. Bc3 Be5 21. Rac1 Bxc3 22. Rxc3 Rb4 23. Bb5 Nb8 24. Rdc1 Qb6 25. Bxc6 Rxb2 26. R1c2 Rxc2 27. Qxc2 a6 28. e5 g6 29. Bf3 Rd8 30. h4 Nd7 31. Qe4 Qa5 32. Rd3 Nc5 33. Rxd8+ Qxd8 34. Qc6 Qa5 35. Qe8+ Kg7 36. h5 Qe1+ 37. Kg2 gxh5 38. Bxh5 Qe4+ 39. f3 Qf5 40. g4 Qf4 41. Qe7 Nd3 42. Qf6+ Qxf6 43. exf6+ Kxf6 44. g5+ Ke7 45. Kf1 a5 46. Bg4 Ne5 47. Ke2 Nxg4 48. fxg4 Kd6 49. Kd3 Kd5 50. Ke3 e5 51. Kd3 e4+ 52. Ke3 Ke5 53. Ke2 Kf4 54. g6 hxg6 55. g5 Kxg5 0-1